La calumnia (Record no. 165073)
[ view plain ]
| 000 -LEADER | |
|---|---|
| campo de control de longitud fija | 01097nam a22002295i 4500 |
| 001 - NÚMERO DE CONTROL | |
| campo de control | 165073 |
| 003 - IDENTIFICADOR DE NÚMERO DE CONTROL | |
| campo de control | ES-MaACL |
| 005 - FECHA Y HORA DE LA ÚLTIMA TRANSACCIÓN | |
| campo de control | 20250824063728.0 |
| 008 - DATOS DE LONGITUD FIJA--INFORMACIÓN GENERAL | |
| campo de control de longitud fija | 990726s1844 sp |||| | spa d |
| 040 ## - FUENTE DE CATALOGACIÓN | |
| Centro catalogador/agencia de origen | CCPB | B |
| Lengua de catalogación | spa |
| Centro/agencia transcriptor | CCPB | B |
| 100 0# - ENTRADA PRINCIPAL--NOMBRE DE PERSONA | |
| Nombre de persona | Scribe, Eugène. |
| 9 (RLIN) | 104966 |
| 245 13 - MENCIÓN DEL TÍTULO | |
| Título | La calumnia |
| Resto del título | : comedia en cinco actos / |
| Mención de responsabilidad, etc. | escrita en francés por Scribe ; traducida libremente por Ventura de la Vega. |
| 260 ## - PUBLICACIÓN, DISTRIBUCIÓN, ETC. | |
| Lugar de publicación, distribución, etc. | Madrid : |
| Nombre del editor, distribuidor, etc. | [Manuel Delgado], |
| Fecha de publicación, distribución, etc. | 1844 ( |
| Fabricante | Imprenta de Repullés) |
| 300 ## - DESCRIPCIÓN FÍSICA | |
| Extensión | 83 p. ; |
| Dimensiones | 19 cm. |
| 490 1# - MENCIÓN DE SERIE | |
| Mención de serie | Galería dramática. Coleccion de las mejores obras del Teatro Moderno Estrangero ; |
| Designación de volumen o secuencia | 31 |
| 596 ## - NOTA AL PIE DE IMPRENTA | |
| NOTA AL PIE DE IMPRENTA | Nombre del ed. y serie tomados de la cub. |
| 700 1# - ENTRADA AGREGADA--NOMBRE PERSONAL | |
| Nombre de persona | Vega, Ventura de la, |
| Fechas asociadas al nombre | 1807-1865 |
| 9 (RLIN) | 113584 |
| 830 00 - PUNTO DE ACCESO ADICIONAL DE SERIE-TÍTULO UNIFORME | |
| Título uniforme | Galería dramática: colección de las mejores obras del teatro moderno estrangero |
| Designación de volumen o secuencia | 31 |
| 9 (RLIN) | 188549 |
| 852 ## - LOCALIZACIÓN | |
| Ubicación | ES-MaACL |
| Número de control de estantería | F-8607(11) |
| Nota libre | -- Enc. pasta española, falto de la cub. original |
| -- | -- Enc. en un vol. facticio, formando parte de la col. facticia: "Teatro español moderno", nº 62 |
| Estatus retirado | Estado de pérdida | Estado de daño | No para préstamo | Colección | Biblioteca de origen | Biblioteca actual | Ubicación en estantería | Fecha de adquisición | Total de préstamos | Signatura topográfica completa | Código de barras | Visto por última vez | Precio de reemplazo | Tipo de ítem Koha |
|---|---|---|---|---|---|---|---|---|---|---|---|---|---|---|
| Libros del s. XIX | Biblioteca del Ateneo de Madrid | Biblioteca del Ateneo de Madrid | Sala Pecera Planta 2 | 17/01/2008 | F-8607(11) | 1173078 | 23/02/2023 | 23/02/2023 | Libro impreso antiguo |
